Les joueurs du PSG en Ligue des Champions 2019/20. - Statistiques

Statistiques générales
  • Ce quiz a été pris 21 fois
  • Le résultat moyen est 20 sur 24
Statistiques - réponses
Pays Ages Joueurs Minutes G+A Notes % Correct
Costa Rica 32 Keylor Navas 799 0 7.26
100%
France 20 Kylian Mbappé 656 11 7.23
100%
Italie 26 Marco Verratti 587 0 7.18
100%
Brésil 25 Marquinhos 970 2 7.16
100%
Brésil 27 Neymar 585 7 7.71
100%
France 23 Presnel Kimpembe 900 0 7.12
100%
Argentine 31 Angel Di Maria 750 10 7.73
95%
Sénégal 29 Idrissa Gueye 567 1 6.97
95%
Brésil 34 Thiago Silva 810 0 7.24
95%
Uruguay 32 Edinson Cavani 130 1 6.57
90%
Argentine 25 Leandro Paredes 371 0 7.03
90%
Espagne 27 Pablo Sarabia 410 4 6.96
90%
Cameroun 30 Eric-Maxim Choupo-Moting 126 1 6.88
85%
Espagne 26 Juan Bernat 875 4 7.15
85%
Allemagne 25 Julian Draxler 65 0 6.66
85%
Argentine 26 Mauro Icardi 480 5 7.07
85%
Allemagne 22 Thilo Kehrer 376 0 7.04
85%
Belgique 27 Thomas Meunier 450 1 7.12
85%
Sénégal 23 Abdou Diallo 111 0 6.65
75%
Espagne 29 Ander Herrera 326 0 6.92
65%
France 20 Colin Dagba 90 0 6.90
50%
Espagne 25 Sergio Rico 191 0 6.87
45%
France 26 Layvin Kurzawa 201 0 6.75
40%
France 17 Tanguy Nianzou 76 0 7.20
25%
Aucun quiz correspondant
Distribution des résultats
% des personnes avec chaque résultat
Percentile par nombre de réponses
Votre historique - résultats
Vous n’avez pas pris ce quiz